[Event "GibChess Battle of the Sexes 2022"]
[Site "Caleta"]
[Date "2022.01.31"]
[Round "7.7"]
[White "Muzychuk, Mariya"]
[Black "Bwalya, Gillan"]
[Result "1-0"]
[WhiteElo "2539"]
[BlackElo "2404"]
[Annotator "TA"]
[PlyCount "79"]
[EventDate "2022.01.01"]
[EventType "schev"]
[EventCountry "GGB"]
[SourceTitle "playchess.com"]
[Source "ChessBase"]
[SourceQuality "1"]

{[%evp 15,79,43,77,81,85,39,52,43,62,0,79,65,66,56,53,0,79,0,48,47,120,102,193,162,229,227,278,228,250,251,262,257,330,302,340,324,394,404,418,420,420,402,434,414,417,403,429,417,439,420,458,449,452,462,459,460,462,376,646,639,613,613,1166,1137,1704,1543]} 1. e4 {Ftacnik,L} c5 2. Nf3 e6 3. d4 cxd4 4. Nxd4 Nf6 5. Nc3 d6 6. g4 h6 7. h4 Nc6 8. Rg1 Nd7 {Recently 8...d5 got a lot of attention.} 9. g5 {B81: Sicilian Scheveningen: Keres Attack.} hxg5 10. Bxg5 (10. hxg5 $16 Nde5 11. Be3) 10... Qb6 $14 {[%csl LRb2,LRd4]} 11. Nb3 {White is slightly better.} a6 12. Qe2 (12. Qd2 $14) 12... Nf6 (12... Nd4 $1 $11 {remains equal.} 13. Qd1 Nb5) 13. O-O-O $16 Bd7 {[#]} 14. Bh3 $5 $146 {[%mdl 8] New and interesting.} ({Predecessor:} 14. Bg2 Qc7 15. Rge1 O-O-O 16. f4 Be7 17. e5 Ne8 18. Bxe7 Nxe7 19. Ne4 dxe5 20. fxe5 {1-0 (54) Charbonneau,P (2509)-Shipov,S (2582) Montreal 2005 CBM 109 [Ftacnik,L]}) 14... Qc7 15. Nd4 (15. Kb1 $14) 15... O-O-O {[#]} (15... Nxd4 $11 16. Rxd4 b5) 16. f4 {White is much more active.} (16. Nxc6 $1 $16 Qxc6 17. Kb1) 16... Be7 (16... Nxd4 $11 17. Rxd4 d5 18. exd5 Bc5 19. dxe6 Bxd4 20. exd7+ Kb8) 17. f5 $14 {[%cal Rf5e6]} Kb8 {Black is now going downhill.} (17... Nxd4 $14 18. Rxd4 Kb8) 18. Nxc6+ $16 bxc6 (18... Qxc6 $16 19. e5 dxe5) 19. Qxa6 e5 (19... exf5 {was worth a try.} 20. Bxf5 Bxf5) 20. Qc4 $18 Rhf8 21. Bxf6 gxf6 22. Rg7 Bc8 23. h5 ({But not} 23. Rxf7 Rxf7 24. Qxf7 Rd7 $18) 23... Bb7 24. Rxf7 Rd7 25. Bg2 Rh8 26. Bf3 Bd8 27. Rxd7 Qxd7 28. Qb4 {To avoid Bb6} Be7 29. Qb3 Bf8 30. Na4 {[%cal Bc3a4,Ba4b6,Bb6c4][%mdl 32]} Qe7 31. Nb6 Rh7 32. a4 {[%cal Ba2a4,Ba4a5][%mdl 32]} Qf7 33. Nc4 Qc7 34. a5 {aiming for a6.} Ka7 35. Qb6+ Kb8 36. Rg1 {Strongly threatening Rg8.} Rg7 {To avoid Rg8} (36... Bh6+ 37. Kb1 Bg5 38. Nxd6 Qxb6 39. axb6 c5) 37. Rg6 {White is clearly winning.} Rxg6 38. fxg6 Kc8 39. Bg4+ Kd8 {[#]} 40. Nxd6 $1 {[%mdl 512] Weighted Error Value: White=0.12 (very precise) /Black=0.40} 1-0

[Event "GibChess Battle of the Sexes 2022"]
[Site "Caleta"]
[Date "2022.01.31"]
[Round "7.8"]
[White "Mammadzada, Gunay"]
[Black "Csonka, Balazs"]
[Result "0-1"]
[WhiteElo "2470"]
[BlackElo "2480"]
[Annotator "TA"]
[PlyCount "82"]
[EventDate "2022.01.01"]
[EventType "schev"]
[EventCountry "GGB"]
[SourceTitle "playchess.com"]
[Source "ChessBase"]
[SourceQuality "1"]

{[%evp 27,82,12,26,7,18,14,18,10,10,16,13,12,13,0,0,0,0,0,0,-26,-41,-31,-46,-76,-82,-74,-76,-76,-50,-106,-40,-143,-145,-160,-148,-151,-139,-145,-76,-322,-304,-347,-337,-420,-450,-682,-655,-716,-710,-689,-659,-870,-810,-952,-977,-29981,-29982]} 1. e4 e5 2. Nf3 Nc6 3. Bb5 {[%cal Bf1b5,Bb5a4,Ba4b3][%mdl 32]} a6 4. Ba4 Nf6 5. O-O Be7 6. Re1 b5 7. Bb3 O-O 8. h3 d6 9. c3 {[%cal Bc2c3,Bc3d4,Bd4d5][%mdl 32]} Na5 10. Bc2 c5 11. d4 Nd7 12. Nbd2 exd4 13. cxd4 Nc6 14. d5 Nce5 15. Nxe5 {C96: Closed Ruy Lopez: Chigorin Defence: 11 d4, replies other than 11...Qc7.} Nxe5 16. a4 Rb8 17. axb5 {The position is equal.} axb5 18. f4 Ng6 19. Nf3 {[%cal Ob2b4]} Bh4 20. Rf1 Bg3 21. f5 Ne5 22. Ng5 Nd7 {[#] is the legacy move (22...h6).} 23. Nf3 $146 ({Predecessor:} 23. Nxh7 Kxh7 24. f6 g6 25. Qg4 Nxf6 26. Qxg3 Nh5 27. Qe3 Kg8 28. Qh6 Qe8 29. Bg5 {1-0 (46) Grigoriants,S (2557)-Romanov,E (2631) Voronezh 2012}) 23... Re8 24. b4 Nf6 25. Bg5 {[#]} h6 $1 26. Bxf6 Qxf6 27. Qd2 {To avoid Qc3} Rb7 28. Rab1 {[#]} (28. Ra6 $15) 28... c4 {Black is more active.} ({Black should try} 28... Bd7 $1 $17 {Strongly threatening ...Ra7.} 29. Nh2 Ra7) 29. Nd4 (29. Ra1 $15) 29... Bd7 $17 30. Ra1 {Prevents Ra7.} Be5 31. Rfd1 Qd8 32. Ra6 Qc7 (32... Rb6 $142 33. Ra5 Rb8) 33. Nc6 $2 {Now White is beyond hope.} (33. Rda1 $17) 33... Bxc6 $19 34. Rxc6 Qe7 35. Bb1 Ra8 {[%cal Be8a8,Ba8a4,Ba4a2][%mdl 32]} 36. Rf1 (36. Qe2 $142) 36... Qh4 {Hoping for ...Qg3.} 37. Qf2 Qxf2+ 38. Kxf2 Ra4 {And now ...Rba7 would win.} 39. Kf3 Rba7 40. Rc8+ Kh7 41. Bc2 Ra2 {Weighted Error Value: White=0.81/Black=0.07 (flawless)} 0-1

[Event "GibChess Battle of the Sexes 2022"]
[Site "Caleta"]
[Date "2022.01.31"]
[Round "7.9"]
[White "Sukandar, Irine Kharisma"]
[Black "Gallagher, Joseph G."]
[Result "1/2-1/2"]
[WhiteElo "2407"]
[BlackElo "2447"]
[Annotator "TA"]
[PlyCount "160"]
[EventDate "2022.01.01"]
[EventType "schev"]
[EventCountry "GGB"]
[SourceTitle "playchess.com"]
[Source "ChessBase"]
[SourceQuality "1"]

{[%evp 9,159,0,20,0,0,-19,-16,-20,-27,-41,-39,-32,-7,-45,-44,-57,-28,-60,-19,-33,-31,-54,-40,-48,-23,-57,-7,-43,-47,-41,-35,-29,-7,-13,17,-7,0,-15,-15,-14,-9,-36,-41,-101,-95,-100,-116,-122,0,0,0,0,0,0,0,0,0,0,6,0,0,-110,-121,-168,-177,-387,-373,-547,0,-4,71,64,89,103,87,93,97,94,84,50,94,43,37,39,60,47,54,57,64,52,54,56,60,39,43,24,32,24,43,42,47,50,57,56,56,57,68,20,20,16,19,15,15,15,15,15,15,15,20,16,16,16,16,15,16,15,16,16,16,16,16,0,0,0,0,0,0,0,0,0,0,0,0,0,0,0,0,0,0,0,0,0]} 1. e4 c5 2. Nc3 Nc6 3. Bb5 Nd4 4. Nf3 a6 5. Bd3 g6 6. Rb1 {B23: Closed Sicilian: Lines without g3.} Nc6 {[#]} 7. b3 $146 ({Predecessor:} 7. a3 d6 8. b4 Nf6 9. bxc5 dxc5 10. Bb2 b5 11. e5 Nd5 12. Nxd5 Qxd5 13. Ng5 {1-0 (35) Guseinov,G (2660)-Ivic,V (2525) Batumi 2019}) 7... Bg7 8. Bb2 d6 9. h3 e6 10. O-O Nge7 11. Re1 {[%cal Oc3d5]} (11. Nd5 $5 {[%cal Rb2g7]} Bxb2 12. Nxe7 Qxe7 13. Rxb2 $11) 11... O-O 12. Bf1 h6 13. d3 Kh7 (13... e5 $15) 14. Qd2 b5 15. g3 Bb7 16. Bg2 Qd7 17. a4 Nd4 (17... b4 $15 18. Nd1 e5) 18. axb5 Nxf3+ 19. Bxf3 axb5 20. Bg2 {[%cal Ob3b4]} Bc6 21. b4 Rfc8 22. bxc5 dxc5 23. Qf4 Kg8 24. h4 e5 25. Qe3 b4 26. Ne2 (26. Nd1 $15) 26... Ba4 $17 27. Rec1 c4 28. dxc4 {[#]} Rxc4 (28... Nc6 $1 $17 {Strongly threatening ...Na5.} 29. Kh2 Rd8) 29. c3 $1 $11 b3 30. Rd1 Qa7 31. Rd8+ Kh7 {...Qxe3 is the strong threat.} 32. Rxa8 Qxa8 33. Nc1 h5 34. Ba3 Nc6 ({Resist} 34... Bh6 35. Qf3 Be8 36. Bxe7 $16) 35. Bf1 (35. Qd3 $11 Bb5 36. Rxb3) 35... Na5 $17 36. Bb4 (36. Nxb3 $17 Rxe4 37. Bg2 Rxe3 38. Bxa8 Rxc3 39. Nxa5 Rxa3 40. Nc4) 36... Rxe4 $19 37. Qd3 (37. Qf3 {was the only chance.} Nc4 38. Nxb3 (38. Bxc4 {gets mated.} Re1+ 39. Bf1 Qxf3 40. g4 Bc6 41. Kh2 Rxf1 42. gxh5 Rh1#) 38... Bxb3 39. Qd3 (39. Rxb3 $2 Nd2 $19)) 37... Re1 {White must now prevent ...e4.} 38. c4 {[#]} (38. Bxa5 $142 b2 39. Nb3 Bxb3 40. Rxe1 Qxa5 41. Qe3) 38... Rxf1+ $2 39. Qxf1 $11 Qe4 40. Qd3 $36 {[%mdl 2048] White has good play.} Bc6 {[%csl Gc6][%cal Re4h1]} 41. Qxe4 Bxe4 {A strong pair of Bishops.} 42. Rb2 Nxc4 43. Rxb3 Bh6 44. Ne2 Nd2 (44... g5 $14) 45. Ra3 ({Better is} 45. Bxd2 $16 Bxd2 46. Rb5) 45... Nf3+ $14 46. Kf1 g5 47. hxg5 Bxg5 48. Ng1 Nd4 49. Bc5 Ne6 50. Be3 {Threatens to win with Bxg5.} Bd8 51. f3 Bd5 52. Kf2 Kg6 53. Ne2 Bc4 54. Ra4 Bb5 55. Re4 f6 56. Nc3 Bd3 57. Ra4 f5 {[%cal Oh5h4]} 58. Nd5 (58. Kg2 $14 {is more appropriate.}) 58... h4 $11 {The position is equal.} 59. gxh4 {And now Bb6 would win.} f4 60. Ba7 Bxh4+ 61. Kg2 Ng5 62. Bf2 Bxf2 63. Kxf2 {[%mdl 4096] Endgame KRN-KBN} Kf5 64. Ra5 Nh3+ 65. Kg2 Ng5 66. Nc3 Bc4 67. Rc5 Bf7 68. Nb1 Bh5 69. Nd2 Ke6 70. Kf2 Bxf3 71. Rxe5+ {[%mdl 64] Decoy} Kxe5 72. Nxf3+ Kf5 73. Nxg5 Kxg5 {KP-K} 74. Kf3 Kf5 {[%cal Bg5f5,Bf5e4,Be4f4,Bf4e3,Be3f3][%mdl 32]} 75. Kf2 Ke4 76. Ke2 f3+ {[%cal Bf4f3,Bf3f2][%mdl 32]} 77. Kf2 Kf4 78. Kf1 Ke3 {( -> ...f2)} 79. Ke1 f2+ 80. Kf1 Kf3 {Weighted Error Value: White=0.21 (precise) /Black=0.23 (precise)} 1/2-1/2

[Event "GibChess Battle of the Sexes 2022"]
[Site "Caleta"]
[Date "2022.01.31"]
[Round "7.10"]
[White "Efroimski, Marsel"]
[Black "Haria, Ravi"]
[Result "0-1"]
[WhiteElo "2429"]
[BlackElo "2490"]
[Annotator "TA"]
[PlyCount "130"]
[EventDate "2022.01.01"]
[EventType "schev"]
[EventCountry "GGB"]
[SourceTitle "playchess.com"]
[Source "ChessBase"]
[SourceQuality "1"]

{[%evp 14,130,18,11,12,20,25,12,25,0,0,2,8,0,0,-24,0,0,53,45,50,58,49,45,77,89,125,74,152,122,135,116,347,155,184,170,185,138,151,0,0,0,0,0,0,0,39,20,250,243,435,246,551,0,0,0,165,0,0,0,138,0,0,0,65,0,0,0,0,0,0,-39,-50,-154,-167,-162,-170,-173,-158,-171,-177,-253,-237,-225,-235,-191,-77,-77,-74,-440,-224,-192,-194,-316,-308,-310,-317,-314,-300,-310,-310,-308,-288,-289,-302,-310,-302,-287,-250,-29956,-29958,-29951,-12129,-2633,-10477,-8911,-5273,-29973,-29966]} 1. e4 e5 2. Nf3 Nc6 3. Bc4 Bc5 4. c3 Nf6 5. d3 h6 6. O-O d6 7. b4 {[%cal Bb2b4,Bb4b5][%mdl 32]} Bb6 8. a4 {8.Nbd2 gains popularity.} a5 {C54: Giuoco Piano: 4 c3 Nf6, main lines with 5 d4 and 5 d3.} 9. b5 Ne7 10. Nbd2 O-O {The position is equal.} 11. Bb3 Ng6 12. Nc4 Bc5 13. h3 {[#]} Re8 $146 ({Predecessor:} 13... c6 14. Qe2 Be6 15. Rd1 cxb5 16. axb5 a4 17. Ba2 Qc7 18. Ne3 Bb3 19. Bxb3 axb3 {½-½ (33) Khanin,S (2507)-Palachev,P (2405) Kazan 2018}) 14. Bd2 Be6 15. Re1 Nh5 (15... Qc8 $11) 16. d4 $14 exd4 17. cxd4 Bb4 18. Bxb4 axb4 19. d5 Bc8 20. e5 {[%cal Ob5b6]} dxe5 (20... Nhf4 $142) 21. Nfxe5 Nxe5 22. Nxe5 Qg5 {[#]} (22... Nf6 $16) 23. Nf3 (23. Nxf7 $1 $18 {[%mdl 512]} Kxf7 (23... Rxe1+ 24. Qxe1) 24. d6+ Kf8 25. dxc7 Rxe1+ 26. Qxe1) 23... Rxe1+ $16 24. Qxe1 Qg6 25. Ne5 (25. Nh4 $18 Qd6 26. Qe8+ Qf8 27. Qe5 (27. Re1 Nf6 $14)) 25... Qd6 {[%cal Oc8h3]} 26. Nd3 $2 (26. Nc4 $16 Qg6 27. Qe8+ Kh7 28. Qe3) 26... Bxh3 $1 $11 27. Qe5 Qg6 {[%csl Gh3,LRd3,LRg2][%cal Rg6g2]} 28. Ne1 Bf5 {Prevents Bc2.} 29. Rc1 $36 {[%mdl 2048] White is pushing.} Nf6 30. Rxc7 Ng4 $2 (30... Re8 $11 {and Black stays safe.} 31. Re7 Rxe7 32. Qxe7 Qg5) 31. Qe7 $1 $18 (31. Qf4 Re8 32. Rc1 Re2 33. Qb8+ Kh7 $17) 31... Rf8 $2 (31... Qf6 32. Rxb7 Be4) 32. d6 (32. a5 $142) 32... Nf6 $2 (32... Qf6 {is more resistant.}) 33. Nf3 $2 (33. a5 $18) 33... Bh3 $1 $11 {[%csl Gh3][%cal Rg6g2] Dancing on a razor blade.} 34. Ne1 Bd7 $2 35. Bc2 (35. Rxd7 Nxd7 36. Qxd7 Qb1 37. Bxf7+ Rxf7 38. Qe8+ Rf8 $17) (35. Rxb7 Qb1 36. Rxd7 Nxd7 $11) 35... Qg4 36. Bb3 $1 (36. Rxb7 $2 Re8 37. Qxe8+ (37. Rxd7 $2 Qxd7 38. Qxd7 Rxe1+ 39. Kh2 Nxd7 $19) 37... Bxe8 $19) 36... Qg6 {[#]} 37. Bc2 (37. Rxd7 Nxd7 38. Qxd7 Qb1 39. Bxf7+ Rxf7 40. Qe8+ Rf8 $17) (37. Rxb7 $6 Qb1 38. Rxd7 Nxd7 $11) (37. Bc4 $1 $16) 37... Qg4 {...Re8 is the strong threat.} 38. Bb3 $1 ({But not} 38. Rxb7 $2 Re8 39. Qxe8+ (39. Rxd7 $2 Qxd7 40. Qxd7 Rxe1+ 41. Kh2 Nxd7 $19) 39... Bxe8 $19) 38... Qf5 (38... Qg6 $11) 39. Bc2 ({Much worse is} 39. Rxb7 Qb1 40. Rxd7 Nxd7 $11) ({Better is} 39. Qe2 $1 $14) 39... Qd5 {aiming for ...Re8.} 40. Rxd7 Nxd7 41. Qxd7 b3 {[%cal Bb4b3,Bb3b2][%mdl 32]} 42. Bd3 b2 $1 {[%cal Od5d3] White must now prevent ...Qxd3!} 43. Qf5 ({White should play} 43. Qc7 $15) 43... Qxf5 $17 44. Bxf5 Rd8 45. Kf1 Rxd6 {Strongly threatening ...Rd2.} 46. Ke2 {Prevents Rd2+.} Rd4 {[%mdl 1024] Black has strong compensation.} 47. Nf3 {[#]} (47. Bb1 $142) 47... g6 $1 {[%mdl 512]} 48. Bb1 (48. Nxd4 $2 {too greedy.} gxf5 49. Nxf5 b1=Q $19) 48... Rxa4 49. Kd3 Kg7 (49... Rf4 $19 {has better winning chances. Threatens to win with ...h5.} 50. Kc2 h5) 50. Kc3 Rf4 51. Kd2 $2 {[%mdl 8192]} (51. Kxb2 $17 {is a better chance.} Rb4+ 52. Kc2) 51... Rb4 (51... g5 $142 52. Ke3 Rg4) 52. Kc3 Rxb5 53. Nd4 (53. Ne1 $142) 53... Rb6 $19 54. Nb3 Re6 {Hoping for ...Re2.} 55. Nd4 {Prevents Re2.} Re1 56. Kxb2 Rf1 57. Be4 Rxf2+ 58. Kc3 b6 59. Bf3 Kf6 60. Ne2 Ke5 61. Nc1 $2 {[#]} (61. Kd2 $19) 61... Rxf3+ $1 {[%mdl 512]} 62. gxf3 Kf4 63. Nd3+ Kxf3 {( -> ...h5)} 64. Ne5+ Kg3 65. Nxf7 h5 {A wild game.  Weighted Error Value: White=0.72/Black=0.40} 0-1

[Event "GibChess Battle of the Sexes 2022"]
[Site "Caleta"]
[Date "2022.02.01"]
[Round "8.1"]
[White "Aziz, Husain"]
[Black "Muzychuk, Mariya"]
[Result "0-1"]
[WhiteElo "2357"]
[BlackElo "2539"]
[Annotator "TA"]
[PlyCount "96"]
[EventDate "2022.01.01"]
[EventType "schev"]
[EventCountry "GGB"]
[SourceTitle "playchess.com"]
[Source "ChessBase"]
[SourceQuality "1"]

{[%evp 14,96,22,16,17,21,27,18,18,31,16,0,16,10,0,0,6,12,10,0,0,0,0,0,0,-28,-14,-28,-31,-21,-22,-66,-66,-74,-85,-64,-75,-62,-62,-113,-77,-81,-85,-113,-119,-240,-263,-166,-240,-256,-50,-75,0,-265,-263,-229,-209,-176,0,0,0,0,0,0,0,0,0,-4,-4,-116,-115,-387,-337,-1014,-946,-1338,-1333,-1312,-1276,-1078,-1000,-1042,-976,-766,-620]} 1. e4 c6 2. d4 d5 3. exd5 cxd5 4. Bd3 Nc6 5. c3 Nf6 6. h3 e5 7. dxe5 Nxe5 8. Nf3 Nxd3+ {B13: Caro-Kann: Exchange Variation and Panov-Botvinnik Attack.} 9. Qxd3 Bd6 {now supersedes 9...Be7.} 10. O-O O-O {The position is equal.} 11. Bg5 h6 12. Bh4 g5 13. Bg3 Bxg3 14. fxg3 g4 15. hxg4 Nxg4 16. Nd4 {[#]} Qb6 $146 ({Predecessor:} 16... Qg5 17. Nd2 Bd7 18. N2f3 Qe3+ 19. Qxe3 Nxe3 20. Rf2 Rfe8 21. Re1 Nc4 22. b3 Rxe1+ 23. Nxe1 {0-1 (36) Alekseev,E (2626)-Harika,D (2515) Chess.com INT 2020}) 17. Na3 Bd7 18. Nac2 Rae8 (18... Qxb2 $2 19. Rfb1 Ne5 20. Qd2 $18 (20. Rxb2 Nxd3 21. Rxb7 Nc5 $11)) 19. b3 Re4 20. Rf4 Qg6 21. Raf1 Rfe8 {[%cal Bf8e8,Be8c8,Bc8c3][%mdl 32]} 22. Nf3 (22. Nb4 $11) 22... Rxf4 $15 {Black is more active.} 23. Qxg6+ fxg6 {[%cal Bf7g6,Bg6f5,Bf5g4][%mdl 32]} 24. gxf4 Rc8 $1 25. Ncd4 Rxc3 26. Ne5 (26. Re1 $15) 26... Bf5 (26... Nxe5 {is more complex.} 27. fxe5 Rd3 28. e6 Be8 29. e7 Rxd4 30. Rf8+ Kg7) 27. Nxf5 gxf5 28. Nxg4 fxg4 $17 {[%mdl 4096] Endgame KR-KR} 29. Kh2 (29. Rd1 $17) 29... Kf7 $19 30. Rd1 Ke6 31. Re1+ Kf6 $2 (31... Kf5 $19 32. Re5+ Kxf4 33. Rxd5 Rc2) 32. Rd1 $15 {[#]} Ke6 $2 (32... Kf5 $1 $17 {[%cal Rf5e4]} 33. Rxd5+ Kxf4) 33. Re1+ $19 Kf5 34. Re5+ Kxf4 35. Rxd5 Rc1 $2 (35... a6 $19 {[%cal Oh6h5] Strongly threatening ...h5!} 36. Rd7 Kg5) 36. Rd4+ $11 Kg5 {White must now prevent ...Rc3.} 37. Rd5+ $1 Kf4 38. Rd4+ Kf5 39. Kg3 Rc2 40. Rf4+ Ke5 {[%cal Oc2g2] ( -> ...Rxg2+!)} 41. Rxg4 (41. Rf7 $11 {keeps the balance.}) 41... Rxa2 $17 42. Rg7 $2 {[%mdl 8192] [#]} (42. b4 $17 {was called for.}) 42... b5 $1 $19 43. Kh4 $2 (43. Rb7 a6 44. Rb6) 43... Kd4 {...Kc3 is the strong threat. Black is clearly winning.} 44. Kh5 Kc3 45. Rg3+ Kb4 46. Kxh6 a5 {[%cal Ba7a5,Ba5a4][%mdl 32] Threatens to win with ...Ra3.} 47. Kh5 Ra3 48. Rf3 a4 {Weighted Error Value: White=0.43/Black=0.20 (precise)} ({And not} 48... Rxb3 49. Rxb3+ Kxb3 50. g4 $17) 0-1

[Event "GibChess Battle of the Sexes 2022"]
[Site "Caleta"]
[Date "2022.02.01"]
[Round "8.2"]
[White "Krysa, Leandro"]
[Black "Stefanova, Antoaneta"]
[Result "0-1"]
[WhiteElo "2516"]
[BlackElo "2469"]
[Annotator "TA"]
[PlyCount "58"]
[EventDate "2022.01.01"]
[EventType "schev"]
[EventCountry "GGB"]
[SourceTitle "playchess.com"]
[Source "ChessBase"]
[SourceQuality "1"]

{[%evp 12,58,0,0,0,0,0,-14,-2,-7,0,0,0,0,0,0,135,133,122,130,120,12,29,9,6,6,7,0,0,-313,-301,-299,-234,-332,-346,-397,-393,-392,-388,-468,-468,-755,-754,-780,-773,-813,-812,-812,-797]} 1. d4 d5 {[%cal Bd7d5,Bd5c4][%mdl 32]} 2. c4 c6 3. Nf3 Nf6 4. Nc3 e6 5. g3 dxc4 6. Bg2 b5 7. Ne5 {[%cal Oc3b5] 7.Ne5 scores better than 7.0-0.} a6 {E04: Open Catalan: 5 Nf3.} 8. O-O Bb7 9. b3 cxb3 {The position is equal.} 10. Qxb3 Qxd4 11. Bf4 {Rad1 is the strong threat.} Qb4 12. Qc2 $1 Qc5 13. Rac1 {[#]} Nbd7 $146 (13... Be7 $1 $11) ({Predecessor:} 13... Be7 14. Nd3 Qb6 15. Na4 Qd8 16. Nac5 Bc8 17. Bxb8 Rxb8 18. Ne5 Qc7 19. Nxc6 Rb6 20. Nxe7 Kxe7 {1-0 (66) Petrov,N (2542)-Nesterov,A (2512) Khanty-Mansiysk 2021}) 14. Nxd7 $16 Nxd7 15. Rfd1 $1 {[%cal Od1d7]} Rd8 16. Bc7 (16. Qd2 $1 $16 e5 17. Bg5) 16... Rc8 $11 17. Ba5 {And now Qd2 would win.} ({Avoid the trap} 17. Rxd7 $2 Kxd7 18. Ba5 Ke8 $17) 17... Nf6 {Threatens to win with ...b4.} 18. Qd2 {Black must now prevent Ne4.} Qa7 {[#]} (18... b4 $2 19. Ne4 Qe7 20. Nxf6+ gxf6 21. Bxb4 $1 $18 {[%mdl 512]}) 19. Nxb5 axb5 20. Rxc6 {[%mdl 8192] [#]} Be7 $1 $19 21. Rxc8+ Bxc8 22. Bc6+ (22. Rc1 $142 Bd7 23. Rc7) 22... Bd7 23. Bb6 Qxb6 24. Bxd7+ Kf8 25. Rb1 Qd8 {Black is clearly winning.} 26. Rxb5 (26. Rd1 $142 b4 27. Ba4 Qxd2 28. Rxd2) 26... Nxd7 27. a4 f6 28. a5 Kf7 29. a6 Nc5 {Weighted Error Value: White=0.51/Black=0.08 (flawless)} 0-1

[Event "GibChess Battle of the Sexes 2022"]
[Site "Caleta"]
[Date "2022.02.01"]
[Round "8.3"]
[White "Rosen, Eric"]
[Black "Mammadzada, Gunay"]
[Result "1/2-1/2"]
[WhiteElo "2356"]
[BlackElo "2470"]
[Annotator "TA"]
[PlyCount "145"]
[EventDate "2022.01.01"]
[EventType "schev"]
[EventCountry "GGB"]
[SourceTitle "playchess.com"]
[Source "ChessBase"]
[SourceQuality "1"]

{[%evp 10,145,0,0,0,-1,0,0,45,27,45,0,33,0,0,-24,-17,-12,-14,-17,-22,-52,20,-90,-43,-118,-131,-108,-104,-116,-104,-127,-115,-102,-107,-85,-32,-141,0,0,0,0,0,-20,100,0,0,-23,-30,-26,0,-67,0,-61,-52,-46,-50,-76,-23,-18,-27,-22,77,84,83,87,225,218,191,166,258,255,211,221,239,256,249,183,229,185,177,224,189,191,385,349,470,465,387,397,623,552,464,363,1288,1286,1246,1245,1005,870,583,0,0,0,0,0,0,0,0,0,0,0,0,0,0,0,0,0,0,0,0,0,0,0,0,0,0,0,0,0,0,0,0,0,0,0,0,0]} 1. d4 d5 2. Bf4 Nf6 3. e3 e6 4. Nf3 Bd6 5. Ne5 O-O 6. Nd2 b6 {D02: 1 d4 d5 2 Nf3 sidelines, including 2...Nf6 3 g3 and 2...Nf6 3 Bf4.} 7. h4 $1 {[%mdl 4] is recently more successful than 7.Bd3.} Bb7 8. Qf3 Nc6 (8... c5 $11 {feels stronger.}) 9. h5 h6 {[#]} 10. c3 $146 {Inhibits Nb4.} (10. O-O-O $14) ({Predecessor:} 10. Qg3 Kh8 11. Nxc6 Bxc6 12. Bxd6 cxd6 13. c3 Qe7 14. Be2 b5 15. O-O a5 16. a3 {0-1 (67) Tabatabaei,M (2555)-Caruana,F (2765) Riga 2021}) 10... Kh8 11. Bd3 Bxe5 12. dxe5 Nd7 13. Qg3 Nc5 14. Bc2 Ba6 15. O-O-O Bd3 {To avoid e4} ({Black should play} 15... Be2 $1 $15) 16. Qh2 (16. Bxd3 $1 $11 Nxd3+ 17. Kb1) 16... f6 (16... Bxc2 $17 17. Kxc2 Qc8) 17. Nf3 (17. f3 $1 $15) 17... Bxc2 $17 18. Kxc2 fxe5 $1 19. Bxe5 Nxe5 20. Qxe5 {[%cal Oe3e4]} Rf5 $1 21. Qh2 Ne4 22. Rhf1 c5 {To avoid Nd4} (22... Qd7 $17) 23. Ne5 (23. Nh4 $1 $15 Nxf2 24. Nxf5 Nxd1 25. Rxd1 (25. Kxd1 exf5 26. Qe5 d4 $11) 25... exf5 26. Qe5) 23... Qe8 (23... Rxf2+ $2 24. Rxf2 Kg8 25. Rf3 $18) (23... Nxf2 $17 {aiming for ...Qe8.} 24. Rd2 Qf6) 24. g4 $11 Qa4+ 25. Kc1 Rf6 26. f3 {[#]} Ng5 (26... Qxa2 $1 $11 {remains equal.} 27. Kc2 (27. fxe4 $2 Rxf1 28. Ng6+ Kh7 $19) 27... Qa4+ 28. Kb1 Ng5) 27. f4 (27. a3 $16) 27... Qxa2 28. Kc2 ({But not} 28. fxg5 $2 Rxf1 29. Rxf1 Qa1+ 30. Kc2 Qxf1 $19) (28. Qg1 $5 {[%cal Rf4g5]} Qa1+ 29. Kc2 Qa4+ 30. Kb1 $15) 28... Qa4+ (28... Ne4 $2 29. Ra1 Qxa1 30. Rxa1 $18) (28... c4 $2 29. fxg5 (29. Ra1 Qb3+ 30. Kc1 Qb5 $17) 29... Qa4+ 30. Kb1 hxg5 31. h6 gxh6 32. Rc1 $18) 29. Kb1 Ne4 (29... Nf7 $5 {[%cal Rf7e5]} 30. Nxf7+ Rxf7 $15) 30. Rg1 (30. g5 $11 hxg5 31. h6) 30... Qb3 (30... b5 $15) 31. Qc2 (31. Rc1 $11) 31... Qxc2+ $1 $15 32. Kxc2 c4 33. Ra1 Nc5 ({Better is} 33... a5 $17) 34. g5 $11 hxg5 35. Rxg5 Rf5 (35... Ne4 $11 36. Rg2 a5) 36. Rxf5 $16 {White is more active.} exf5 {[%mdl 4096] Endgame KRN-KRN} 37. Rd1 Nd3 (37... Ne4 $16 {was worth a try.}) 38. Nxd3 $18 cxd3+ 39. Rxd3 {KR-KR} Rd8 {[#]} 40. c4 $1 Rc8 41. Rxd5 Rxc4+ 42. Kd3 Rb4 43. Rxf5 {Black must now prevent e4.} Rb3+ 44. Kd4 {Threatens to win with e4.} Kg8 45. Rg5 {And now h6 would win.} Kf7 46. Rg2 Rb5 $2 (46... Rb4+ 47. Kc3 a5) 47. Rh2 Ke7 48. h6 gxh6 49. Rxh6 Rxb2 (49... Rb4+ $142 50. Kc3 a5) 50. Rh7+ Kd6 51. Rxa7 Rf2 $2 (51... Rb4+ 52. Kc3 Rb1) 52. Rh7 Rd2+ 53. Ke4 b5 54. Rb7 Rb2 55. f5 $2 ({White has to play} 55. Kf5 $18 Kc6 56. Rb8) 55... Rb4+ $11 {The position is equal.} 56. Kf3 Ke5 57. e4 Rb3+ 58. Kg4 Kxe4 59. f6 Rb1 60. Kg5 {f7 is the strong threat.} (60. f7 {feels hotter.} Rf1 61. Kg5 Kd4 62. Kg6 Kc5 63. Re7) 60... Kd4 61. Rh7 Rg1+ 62. Kf5 {Rh4+ would kill now.} Rf1+ 63. Ke6 b4 64. Rh4+ Kc3 65. Rh3+ Kc2 66. Rh2+ Kc3 67. Rh3+ Kc2 68. f7 b3 69. Rh2+ Kc3 70. Rh3+ Kc2 71. Rh2+ Kc3 72. Rh3+ Kc2 73. Rh2+ {White really could win this.  Weighted Error Value: White=0.29 (precise) /Black=0.28 (precise)} 1/2-1/2